[Event "40th Olympiad Open"]
[Site "Istanbul TUR"]
[Date "2012.09.05"]
[Round "8.45"]
[Board "1"]
[White "Ziska, Helgi Dam"]
[Black "Blijstra, Wim"]
[Result "1-0"]
[WhiteTitle "IM"]
[WhiteElo "2469"]
[BlackElo "2206"]
[WhiteTeam "Faroe Islands"]
[BlackTeam "Netherlands Antilles"]
[WhiteFideId "7200595"]
[BlackFideId "1018000"]
[EventDate "2012.08.28"]

1. e4 c5 2. Nf3 Nc6 3. d4 cxd4 4. Nxd4 Qb6 5. Nb3 Nf6 6. Nc3 e6 7. a3 Be7 8. Bd3
a6 9. O-O O-O 10. Be3 Qc7 11. f4 d6 12. Qf3 b5 13. Rae1 b4 14. axb4 Nxb4 15. Nd4
Nxd3 16. cxd3 Rb8 17. Rc1 Qd7 18. Rc2 Bb7 19. g4 Qd8 20. g5 Nd7 21. Qg3 Kh8 22.
f5 e5 23. Nf3 Qe8 24. Qh3 Bd8 25. Rg2 g6 26. Rg4 Rg8 27. fxg6 fxg6 28. Nd2 Bb6
29. Nc4 Bxe3+ 30. Nxe3 Qe6 31. Qh6 Rgf8 32. Rf5 Qg8 33. Rxf8 Rxf8 34. Rg2 Qf7
35. Ncd1 Qg7 36. Nc3 Nc5 37. Qxg7+ Kxg7 38. Nc4 Nxd3 39. Nxd6 Bc6 40. Rd2 Ne1
41. Rd1 Nf3+ 42. Kg2 Nxg5 43. h4 Nf3 44. Kg3 Nd4 45. Nc4 Rf3+ 46. Kg2 Rf4 47.
Nxe5 Bxe4+ 48. Kg3 Ne6 49. Rd6 Bf5 50. Rxe6 Bxe6 51. Kxf4 h6 52. Ne4 Bh3 53. Nd3
Bf1 54. Ndc5 Kf7 55. Ke5 Ke7 56. Nf6 Kf7 57. Nfe4 Be2 58. Kd6 Bb5 59. Nd7 Be2
60. Ne5+ Kg7 61. Ke7 g5 62. hxg5 hxg5 63. Nxg5 Kh6 64. Ne4 Bb5 65. b4 Kg7 66.
Nd6 Be2 67. Nf5+ Kg8 68. Nd4 Bf1 69. Ne6 Be2 70. Kd6 Bf1 71. Kc5 Bh3 72. Nc7 Bf1
73. Nc4 Kf7 74. Nxa6 Ke7 75. Nb8 Kd8 76. Nc6+ Kc7 77. b5 Kb7 78. Nd6+ Ka8 79. b6
Ba6 80. Kd4 1-0

[Event "40th Olympiad Open"]
[Site "Istanbul TUR"]
[Date "2012.09.05"]
[Round "8.45"]
[Board "2"]
[White "Izijk, Jimmy"]
[Black "Rodgaard, John"]
[Result "0-1"]
[BlackTitle "IM"]
[WhiteElo "2066"]
[BlackElo "2354"]
[WhiteTeam "Netherlands Antilles"]
[BlackTeam "Faroe Islands"]
[WhiteFideId "7500041"]
[BlackFideId "7200013"]
[EventDate "2012.08.28"]

1. d4 d5 2. Nf3 c6 3. g3 Bf5 4. Bg2 Nf6 5. Nbd2 h6 6. Ne5 e6 7. O-O Be7 8. b3
O-O 9. Bb2 Nbd7 10. Nxd7 Qxd7 11. Re1 Rfd8 12. f3 c5 13. c3 cxd4 14. cxd4 Rac8
15. e4 Bg6 16. Rc1 Rxc1 17. Qxc1 Rc8 18. Qb1 Bb4 19. Qd3 Rc6 20. Re2 Qc7 21. Nf1
Bc3 22. Bxc3 Rxc3 23. Qd2 b5 24. exd5 Nxd5 25. f4 Rd3 26. Qb2 Nc3 27. Rd2 b4 28.
Rxd3 Bxd3 29. Qd2 Bxf1 30. Bxf1 Qa5 31. Bd3 Qxa2 32. Bc2 Kf8 33. Qd3 Qa1+ 34.
Kg2 Qe1 35. Kf3 Qh1+ 36. Ke3 Qxh2 37. Kf3 f5 38. Qc4 Qxc2 39. Qxb4+ Kg8 40. Qb8+
Kh7 41. Qe5 Ne4 0-1

[Event "40th Olympiad Open"]
[Site "Istanbul TUR"]
[Date "2012.09.05"]
[Round "8.45"]
[Board "3"]
[White "Andreasen, Joan Hendrik"]
[Black "Maduro, Sherman"]
[Result "1/2-1/2"]
[WhiteElo "2260"]
[BlackElo "2030"]
[WhiteTeam "Faroe Islands"]
[BlackTeam "Netherlands Antilles"]
[WhiteFideId "7200110"]
[BlackFideId "7500122"]
[EventDate "2012.08.28"]

1. d4 Nf6 2. c4 g6 3. Nc3 d5 4. Nf3 Bg7 5. Qb3 c6 6. cxd5 Nxd5 7. e4 Nxc3 8.
bxc3 O-O 9. Be3 Qa5 10. Nd2 Be6 11. Bc4 Bxc4 12. Nxc4 Qc7 13. O-O Nd7 14. Rab1
b6 15. Rfd1 Rac8 16. f4 Nf6 17. Qc2 Rfd8 18. h3 Nh5 19. Qf2 Nf6 20. Qc2 e6 21.
a4 Bf8 22. f5 exf5 23. exf5 Nd5 24. fxg6 hxg6 25. Bg5 Re8 26. Qd3 Bg7 27. Re1 c5
28. Rxe8+ Rxe8 29. Rf1 Nxc3 30. Bf4 Qe7 31. Be5 cxd4 32. Re1 Nxa4 33. Qxd4 Qc5
34. Qxc5 Nxc5 35. Bg3 Rxe1+ 36. Bxe1 Bd4+ 37. Kf1 Kf8 38. Ke2 Ke7 39. g4 Ke6 40.
h4 Kd5 41. Ne3+ Ke4 42. Nc4 Nb7 43. Bg3 b5 44. Nd2+ Kd5 45. h5 gxh5 46. gxh5 a5
47. h6 Bh8 48. Nf3 Nd6 49. Be5 f6 50. Bxd6 Kxd6 51. Nd4 b4 52. Kd3 f5 53. Nxf5+
Ke5 54. Nd4 Kd5 55. Ne2 b3 56. Nf4+ Kc5 57. h7 Kb4 58. Nd5+ Ka3 59. Nc3 b2 60.
Nb1+ Kb3 61. Nd2+ Ka2 62. Kc2 a4 63. Nb1 Bg7 64. Nd2 Ka3 65. Nc4+ Ka2 66. Nd2
Ka3 67. Nc4+ Ka2 68. Nd2 Ka1 69. Nb1 Bh8 70. Na3 Ka2 71. Nb1 Ka1 72. Na3 Ka2 73.
Nb1 a3 74. Nd2 Bg7 75. Nb1 Bh8 76. Nd2 Ka1 77. Nb3+ Ka2 78. Nd2 Bg7 79. Nb1 Bd4
80. Nd2 Be5 1/2-1/2

[Event "40th Olympiad Open"]
[Site "Istanbul TUR"]
[Date "2012.09.05"]
[Round "8.45"]
[Board "4"]
[White "Hodgson, Norman"]
[Black "Nielsen, Rogvi Egilstoft"]
[Result "0-1"]
[WhiteElo "1824"]
[BlackElo "2203"]
[WhiteTeam "Netherlands Antilles"]
[BlackTeam "Faroe Islands"]
[WhiteFideId "7500033"]
[BlackFideId "7200447"]
[EventDate "2012.08.28"]

1. g3 Nf6 2. Bg2 e5 3. e3 d5 4. Nc3 c5 5. Nge2 Nc6 6. O-O Bg4 7. h3 Be6 8. d3
Qd7 9. Kh2 h5 10. e4 h4 11. exd5 hxg3+ 12. fxg3 Nxd5 13. Ng1 Nxc3 14. bxc3 O-O-O
15. Bd2 Bd6 16. c4 e4 17. Bf4 exd3 18. cxd3 Bxf4 19. Rxf4 Qxd3 20. Qxd3 Rxd3 21.
Nf3 f6 22. Nh4 Rd2 23. Nf5 Ne5 24. Rb1 g5 25. Rff1 Bxf5 26. Rxf5 Ng4+ 27. Kg1
Rxg2+ 0-1

[Event "40th Olympiad Open"]
[Site "Istanbul TUR"]
[Date "2012.09.05"]
[Round "8.46"]
[Board "2"]
[White "Maznitsin, A"]
[Black "Amdouni, Zoubaier"]
[Result "1/2-1/2"]
[WhiteElo "2283"]
[BlackElo "2305"]
[WhiteTeam "Kyrgyzstan"]
[BlackTeam "Tunisia"]
[WhiteFideId "13800302"]
[BlackFideId "5500419"]
[EventDate "2012.08.28"]

1. c4 Nf6 2. Nf3 e6 3. g3 d5 4. Bg2 dxc4 5. Qa4+ c6 6. Qxc4 b5 7. Qc2 Bb7 8. d4
Nbd7 9. Nc3 a6 10. Ne5 Nxe5 11. dxe5 Nd5 12. O-O Rc8 13. Ne4 c5 14. a3 Qc7 15.
f4 c4 16. h3 Be7 17. Kh2 O-O 18. Bd2 a5 19. Rad1 Rfd8 20. Nd6 Bxd6 21. exd6 Rxd6
22. e4 c3 23. bxc3 Nb6 24. Be3 Rc6 25. Bd4 b4 26. axb4 axb4 27. Qe2 bxc3 28. Qg4
f6 29. Bxf6 Nc4 30. Rd3 Nb2 31. Re3 Ba6 32. Rc1 Nd3 33. Rc2 e5 34. fxe5 Kh8 35.
Bg5 Nb4 36. Rc1 c2 37. Ra3 Nd3 38. Rca1 Bb5 39. Ra7 Qxe5 40. Ra8 Qe8 41. R8a7 h5
42. Qh4 c1=Q 43. Bxc1 Rxc1 44. Rxc1 Rxc1 45. Qg5 Qe5 46. Qg6 Rc8 47. Rf7 h4 48.
Rf5 Qxg3+ 49. Qxg3 hxg3+ 50. Kxg3 Rc5 51. Bf1 Rxf5 52. exf5 Kh7 53. Be2 Kh6 54.
h4 Bc4 55. Bd1 Bd5 56. Be2 Be4 57. Kg4 Nc5 58. Kf4 Bd3 59. Bd1 Nd7 60. Bf3 Bc4
61. Bd1 Bf7 62. Be2 Bh5 63. Bb5 Nf6 64. Ke5 Bd1 65. Ke6 Bc2 66. Be2 Ne4 67. Bf3
Nf6 68. Be2 Kh7 69. Bc4 Nh5 70. Ke5 Nf6 71. Ke6 Ng8 72. Be2 Nf6 73. Bc4 Kh6 74.
Be2 Nh5 75. Bxh5 Kxh5 76. f6 Bb3+ 77. Ke7 g6 78. f7 Bxf7 79. Kxf7 g5 80. hxg5
Kxg5 1/2-1/2

[Event "40th Olympiad Open"]
[Site "Istanbul TUR"]
[Date "2012.09.05"]
[Round "8.46"]
[Board "3"]
[White "Zaibi, Amir"]
[Black "Abdyjapar, Asyl"]
[Result "1/2-1/2"]
[WhiteTitle "CM"]
[BlackTitle "FM"]
[WhiteElo "2214"]
[BlackElo "2365"]
[WhiteTeam "Tunisia"]
[BlackTeam "Kyrgyzstan"]
[WhiteFideId "5500796"]
[BlackFideId "13800337"]
[EventDate "2012.08.28"]

1. e4 e5 2. Nc3 Nf6 3. Bc4 Bb4 4. Nge2 c6 5. d4 Nxe4 6. dxe5 d5 7. exd6 Nxc3 8.
Nxc3 O-O 9. O-O Bxd6 10. Qh5 Nd7 11. Bg5 Nf6 12. Qh4 h6 13. Bxf6 Qxf6 14. Qxf6
gxf6 15. Ne4 Be5 16. c3 f5 17. Nc5 Bd6 18. Nd3 Be6 19. Bxe6 fxe6 20. f4 Rad8 21.
Rf3 Kf7 22. Re1 Bc7 23. Kf1 b6 24. Rfe3 Rfe8 25. R1e2 Rd5 26. Ke1 Re7 27. g3 a5
28. Kd2 b5 29. Kc2 Kf6 30. b3 h5 31. a4 Bb6 32. Re5 Bc7 33. R5e3 Bb6 34. Re5 Bc7
35. Rxd5 exd5 36. Rxe7 Kxe7 37. Kd2 Bb6 38. Ne5 Kd6 39. Kd3 bxa4 40. bxa4 Bf2
41. Nf3 Ke6 42. Ke2 Bb6 43. Ne5 Kd6 44. Nd3 c5 45. Ne5 c4 46. Nf3 Ke6 47. Kd2
Kd6 48. Ne5 Bg1 49. Nf3 Bc5 50. Ke2 Ke6 51. Ne5 Kd6 52. h3 Ke6 53. Nc6 Kd6 54.
Ne5 Ke6 55. Nf3 Ke7 1/2-1/2

[Event "40th Olympiad Open"]
[Site "Istanbul TUR"]
[Date "2012.09.05"]
[Round "8.46"]
[Board "4"]
[White "Umarbekov, Aziz"]
[Black "Boudriga, Med Ali"]
[Result "0-1"]
[WhiteElo "2245"]
[BlackElo "2191"]
[WhiteTeam "Kyrgyzstan"]
[BlackTeam "Tunisia"]
[WhiteFideId "13800248"]
[BlackFideId "5500460"]
[EventDate "2012.08.28"]

1. f4 d5 2. b3 Nf6 3. Bb2 g6 4. Nf3 Bg7 5. e3 O-O 6. d3 c5 7. Nbd2 d4 8. exd4
Nd5 9. g3 cxd4 10. Qe2 Nc6 11. Ne5 Nxe5 12. fxe5 Ne3 13. Nc4 Bg4 14. Qf2 Qd5 15.
Rg1 Nxc4 16. bxc4 Qa5+ 17. Qd2 Qxe5+ 18. Be2 Bh6 19. Qd1 Be3 20. Rg2 Qa5+ 21.
Kf1 Qf5+ 22. Ke1 Bh3 23. g4 Qf4 0-1

[Event "40th Olympiad Open"]
[Site "Istanbul TUR"]
[Date "2012.09.05"]
[Round "8.47"]
[Board "1"]
[White "Elarbi, Abobker"]
[Black "Mok, Tze-Meng"]
[Result "0-1"]
[BlackTitle "IM"]
[WhiteElo "2259"]
[BlackElo "2354"]
[WhiteTeam "Libya"]
[BlackTeam "Malaysia"]
[WhiteFideId "9200355"]
[BlackFideId "5700329"]
[EventDate "2012.08.28"]

1. Nf3 g6 2. g3 Bg7 3. Bg2 e5 4. e4 Nc6 5. d3 d6 6. Nc3 f5 7. O-O Nf6 8. Bg5 h6
9. Bxf6 Qxf6 10. exf5 gxf5 11. Nh4 O-O 12. f4 Be6 13. fxe5 dxe5 14. Nxf5 Bxf5
15. g4 e4 16. gxf5 exd3 17. Qxd3 Rad8 18. Qc4+ Kh8 19. Rad1 Qg5 20. Rxd8 Rxd8
21. Nd5 Bxb2 22. c3 Ba3 23. Qe4 Bd6 24. f6 Ne5 25. Rf5 Qc1+ 26. Rf1 Qd2 27. f7
Rf8 28. Qh4 Qg5 29. Qe4 Rxf7 30. Rxf7 Nxf7 31. h4 Qc1+ 32. Bf1 Bc5+ 33. Kg2 Qd2+
34. Kh3 Bd6 35. Qd4+ Qxd4 36. cxd4 Nd8 37. Nc3 Ne6 38. Ne2 Kg7 39. Bg2 b5 40.
Bc6 b4 41. Kg4 Kf6 42. Kf3 Ng7 43. Be4 Ne6 44. Bc6 h5 45. Ke4 Nf8 46. Be8 Ng6
47. Kd5 a5 48. Kc4 a4 49. Bxa4 Nxh4 50. Be8 Kg5 51. Nc1 Nf3 52. Bxh5 Kxh5 53.
Nd3 Nd2+ 54. Kb5 b3 55. axb3 Nxb3 56. Kc4 Nd2+ 57. Kd5 Kg5 58. Ke6 Nf3 59. Kd5
Kf5 60. Nc5 0-1

[Event "40th Olympiad Open"]
[Site "Istanbul TUR"]
[Date "2012.09.05"]
[Round "8.47"]
[Board "4"]
[White "Lim, Zhuo Ren"]
[Black "Asabri, Hassan"]
[Result "1-0"]
[WhiteElo "2120"]
[BlackElo "2179"]
[WhiteTeam "Malaysia"]
[BlackTeam "Libya"]
[WhiteFideId "5702488"]
[BlackFideId "9200258"]
[EventDate "2012.08.28"]

1. d4 Nf6 2. Nf3 g6 3. g3 Bg7 4. c4 O-O 5. Bg2 d6 6. O-O Nbd7 7. Nc3 e5 8. e4 c6
9. h3 Re8 10. d5 Nc5 11. Ne1 cxd5 12. cxd5 a5 13. Nd3 b6 14. Nxc5 bxc5 15. Re1
Ba6 16. Bf1 Bxf1 17. Kxf1 Qd7 18. Kg2 Reb8 19. Qc2 a4 20. Bd2 Nh5 21. Rab1 f5
22. f3 Bf6 23. b3 axb3 24. Rxb3 Rxb3 25. Qxb3 Bd8 26. Nb5 f4 27. g4 Ng3 28. a4
Rb8 29. Qc4 Kg7 30. Rb1 h5 31. Be1 hxg4 32. hxg4 Bh4 33. a5 Nxe4 34. Qxe4 Bxe1
35. Qxe1 Rxb5 36. a6 Rxb1 37. Qxb1 Qa4 38. Qb7+ Kh6 39. a7 Qd1 40. g5+ Kxg5 41.
Qe7+ Kh5 42. Qh7+ Kg5 43. Qh3 Qe2+ 44. Kg1 Qe1+ 45. Kh2 Kf6 46. Qe6+ Kg5 47.
Qg4+ Kf6 48. a8=Q 1-0

[Event "40th Olympiad Open"]
[Site "Istanbul TUR"]
[Date "2012.09.05"]
[Round "8.48"]
[Board "1"]
[White "Haddouche, Mohamed"]
[Black "Dervishi, Erald"]
[Result "1/2-1/2"]
[WhiteTitle "IM"]
[BlackTitle "GM"]
[WhiteElo "2429"]
[BlackElo "2538"]
[WhiteTeam "Algeria"]
[BlackTeam "Albania"]
[WhiteFideId "7900660"]
[BlackFideId "4700236"]
[EventDate "2012.08.28"]

1. e4 e5 2. Nf3 Nc6 3. Bc4 Nf6 4. d3 Be7 5. c3 O-O 6. Bb3 d6 7. O-O h6 8. Re1
Nh7 9. Nbd2 Ng5 10. Nxg5 Bxg5 11. Nc4 Bxc1 12. Rxc1 Qf6 13. Ne3 Be6 14. d4 Ne7
15. dxe5 dxe5 16. Ng4 Bxg4 17. Qxg4 Rad8 18. Rcd1 Qg5 19. Qf3 Nc8 20. Rxd8 Qxd8
21. Qe3 Qe7 22. Rd1 Rd8 23. Rxd8+ Qxd8 24. Qc5 Qd2 25. h3 Qc1+ 26. Kh2 Qf4+ 27.
g3 Qf6 28. Kg2 c6 29. Bc2 b6 30. Qa3 Qd8 31. Qa6 Qd7 32. a4 g6 33. Qc4 Kg7 34.
b4 Nd6 35. Qd3 Qe6 36. Qd1 Nb7 37. Bb3 Qd6 38. Qe2 Qd7 39. Qe3 Qc7 40. f4 Qe7
41. fxe5 Qxe5 42. Qd4 Qxd4 43. cxd4 a5 44. bxa5 Nxa5 45. Bc2 f6 46. Kf3 Kf7 47.
Bb1 Ke7 48. e5 Nb3 49. Ke3 fxe5 50. dxe5 g5 51. Bc2 Nc5 52. Kd4 Kf7 53. Bd1 Ke7
54. Bc2 Kf7 55. Bd1 Ke7 56. Bc2 1/2-1/2

[Event "40th Olympiad Open"]
[Site "Istanbul TUR"]
[Date "2012.09.05"]
[Round "8.48"]
[Board "3"]
[White "Nassr, Ali"]
[Black "Seitaj, Ilir"]
[Result "0-1"]
[WhiteTitle "FM"]
[BlackTitle "IM"]
[WhiteElo "2030"]
[BlackElo "2400"]
[WhiteTeam "Algeria"]
[BlackTeam "Albania"]
[WhiteFideId "7900520"]
[BlackFideId "4700031"]
[EventDate "2012.08.28"]

1. e4 e5 2. Nf3 Nc6 3. Bb5 a6 4. Bxc6 dxc6 5. O-O f6 6. d4 Bg4 7. dxe5 Qxd1 8.
Rxd1 fxe5 9. Nbd2 O-O-O 10. Re1 Bd6 11. h3 Bh5 12. a3 Ne7 13. b3 c5 14. Bb2 Nc6
15. g4 Bf7 16. Ng5 Bg6 17. Nc4 Nd4 18. Bxd4 cxd4 19. Nf3 Rhe8 20. Nh4 Bf7 21.
Nxd6+ cxd6 22. Rad1 d5 23. exd5 Bxd5 24. f4 exf4 25. Rxe8 Rxe8 26. Nf5 Re2 27.
Rxd4 Bc6 28. Rxf4 Rg2+ 29. Kf1 Rxc2 30. Rc4 Rxc4 31. bxc4 g6 32. Nd4 Kc7 33. c5
Bd5 34. Ke2 b6 35. cxb6+ Kxb6 36. Kd3 Kc5 37. h4 Kd6 38. Ke3 Ke5 39. Nf3+ Kd6
40. Ng5 h6 41. Nh3 Ke5 42. Nf4 Be4 43. Ne6 Bc2 44. Nf4 a5 45. Nh3 Kd5 46. Kd2
Bb1 47. Kc1 Be4 48. Kd2 Kc4 49. Nf2 Bc6 50. Nd3 Kb3 51. Ne5 Be8 52. a4 Kxa4 53.
Kc3 Kb5 54. Nc4 Kc5 55. Nxa5 Bb5 56. Nb3+ Kd5 57. Nd4 Bd7 58. g5 h5 59. Kd3 Ke5
60. Ke3 Ba4 61. Ne2 Kf5 62. Nf4 Bc6 63. Nd3 Be4 64. Nf4 Ba8 65. Nd3 Bc6 66. Nf4
Bb7 67. Nd3 Kg4 68. Ne5+ Kxh4 69. Nxg6+ Kxg5 70. Ne5 Kf5 71. Nd3 Ba6 72. Nc5 Bc4
73. Ne4 Ke5 74. Ng3 h4 75. Kf3 Be6 76. Nf1 Kf5 77. Ne3+ Kg5 78. Ng2 Bd5+ 79. Kf2
h3 80. Kg1 Bxg2 81. Kh2 Kg4 82. Kg1 Bb7 0-1

[Event "40th Olympiad Open"]
[Site "Istanbul TUR"]
[Date "2012.09.05"]
[Round "8.48"]
[Board "4"]
[White "Rama, Lorenc"]
[Black "Dekar, Lies"]
[Result "1/2-1/2"]
[WhiteTitle "FM"]
[BlackTitle "IM"]
[WhiteElo "2292"]
[BlackElo "2155"]
[WhiteTeam "Albania"]
[BlackTeam "Algeria"]
[WhiteFideId "4700171"]
[BlackFideId "7900066"]
[EventDate "2012.08.28"]

1. Nf3 g6 2. c4 Bg7 3. e4 e5 4. d4 exd4 5. Nxd4 Nc6 6. Nxc6 bxc6 7. Be2 Ne7 8.
Nc3 O-O 9. O-O c5 10. Bg5 f6 11. Bh4 Bb7 12. f4 d6 13. Bg4 Nc6 14. Be6+ Kh8 15.
Bd5 Qc8 16. Bxc6 Bxc6 17. f5 Qa6 18. b3 Rae8 19. Qc2 Qc8 20. Rae1 gxf5 21. exf5
Rxe1 22. Rxe1 Re8 23. Rxe8+ Qxe8 24. Qd3 Qh5 25. Be1 Qg5 26. Nd5 h5 27. Bd2 Qg4
28. Bc3 Qg5 29. Bd2 Qg4 30. Bc3 Qg5 31. Bd2 1/2-1/2

[Event "40th Olympiad Open"]
[Site "Istanbul TUR"]
[Date "2012.09.05"]
[Round "8.49"]
[Board "1"]
[White "Oatlhotse, Providence"]
[Black "Abdulwahhab, Ahmed Abdulsattar A"]
[Result "1-0"]
[WhiteTitle "CM"]
[BlackTitle "FM"]
[WhiteElo "2267"]
[BlackElo "2314"]
[WhiteTeam "Botswana"]
[BlackTeam "Iraq"]
[WhiteFideId "11300507"]
[BlackFideId "4801849"]
[EventDate "2012.08.28"]

1. d4 d5 2. c4 c6 3. Nf3 Nf6 4. Nc3 dxc4 5. e4 b5 6. e5 Nd5 7. a4 e6 8. Ng5 h6
9. Nge4 b4 10. Nb1 Ba6 11. Nbd2 Nf4 12. Nxc4 Nxg2+ 13. Bxg2 Bxc4 14. Be3 b3 15.
Rc1 Qa5+ 16. Nd2 Bd5 17. Bxd5 Qxd5 18. O-O Be7 19. Qxb3 Qxb3 20. Nxb3 a5 21. Bd2
Bd8 22. Rc4 O-O 23. Rfc1 Bb6 24. R1c2 Rd8 25. Kg2 Rd5 26. Be3 Ra7 27. Nc1 Rb7
28. Ne2 Rd8 29. Kf3 Na6 30. Bd2 c5 31. dxc5 Nxc5 32. Bxa5 Nd3 33. Bc3 Bxf2 34.
Nf4 Ne1+ 35. Bxe1 Bxe1 36. Rc8 Rb8 37. Rxb8 Rxb8 38. Nd3 Rb3 39. Ke4 Ba5 40.
Rc8+ Kh7 41. Kd4 Rb7 42. Kc4 Bc7 43. b4 f6 44. Nc5 Ra7 45. Rxc7 Rxc7 46. b5 f5
47. b6 Rf7 48. b7 Rf8 49. Nd7 1-0

[Event "40th Olympiad Open"]
[Site "Istanbul TUR"]
[Date "2012.09.05"]
[Round "8.49"]
[Board "2"]
[White "Ahmed, Ali Layth Ahmed"]
[Black "Khetho, Phemelo"]
[Result "1-0"]
[WhiteTitle "FM"]
[BlackTitle "FM"]
[WhiteElo "2360"]
[BlackElo "2133"]
[WhiteTeam "Iraq"]
[BlackTeam "Botswana"]
[WhiteFideId "4801920"]
[BlackFideId "11300280"]
[EventDate "2012.08.28"]

1. d4 Nf6 2. c4 g6 3. Nc3 Bg7 4. Nf3 d6 5. g3 O-O 6. Bg2 Bg4 7. h3 Bxf3 8. Bxf3
Nc6 9. Be3 Nd7 10. O-O e5 11. d5 Ne7 12. Bg2 h6 13. Bd2 f5 14. f4 Kh7 15. Qc2 e4
16. Be3 c5 17. dxc6 bxc6 18. Rad1 Nb6 19. b3 Qc7 20. Bd4 Bxd4+ 21. Rxd4 Rad8 22.
Rfd1 d5 23. c5 Nd7 24. b4 Rg8 25. e3 Nf6 26. Kh2 g5 27. Qf2 Nh5 28. Ne2 Rg6 29.
Rg1 Rdg8 30. Rdd1 gxf4 31. gxf4 Ng3 32. Bf1 Nxe2 33. Bxe2 Rxg1 34. Rxg1 Rxg1 35.
Kxg1 d4 36. exd4 Nd5 37. Qg3 Qxf4 38. Qxf4 Nxf4 39. Bc4 Nxh3+ 40. Kf1 Ng5 41. b5
cxb5 42. c6 bxc4 43. c7 Nf3 44. c8=Q Kg6 45. d5 Kg5 46. Kf2 Ne5 47. Qg8+ 1-0

[Event "40th Olympiad Open"]
[Site "Istanbul TUR"]
[Date "2012.09.05"]
[Round "8.49"]
[Board "3"]
[White "Njobvu, Ignatius"]
[Black "Salih, Akar Ali Salih"]
[Result "1-0"]
[WhiteTitle "CM"]
[BlackTitle "FM"]
[WhiteElo "2226"]
[BlackElo "2282"]
[WhiteTeam "Botswana"]
[BlackTeam "Iraq"]
[WhiteFideId "11300132"]
[BlackFideId "4800575"]
[EventDate "2012.08.28"]

1. d4 Nf6 2. c4 c5 3. dxc5 e6 4. Nc3 Bxc5 5. Nf3 O-O 6. e3 Nc6 7. Be2 Be7 8. O-O
a6 9. b3 Qc7 10. Bb2 d6 11. Rc1 b6 12. Nd5 Qd8 13. Nxe7+ Qxe7 14. Nd4 Bb7 15.
Nxc6 Bxc6 16. Qd4 Rab8 17. Rfd1 Rfd8 18. Qh4 e5 19. Ba3 Qe6 20. Rc2 a5 21. Rcd2
d5 22. cxd5 Rxd5 23. Bc4 Rxd2 24. Rxd2 Qf5 25. f3 Qb1+ 26. Kf2 e4 27. Qf4 Rc8
28. Bb2 exf3 29. gxf3 Qg6 30. Bd3 Qh5 31. Bxf6 gxf6 32. Bf5 Re8 33. Rd6 Re5 34.
Rxf6 Kg7 35. Qxe5 Qh4+ 36. Qg3+ Qxg3+ 37. Kxg3 Kxf6 38. Bxh7 b5 39. Bc2 b4 40.
h4 Bd7 41. Kf4 Kg7 42. Ke5 Be6 43. Bf5 1-0

[Event "40th Olympiad Open"]
[Site "Istanbul TUR"]
[Date "2012.09.05"]
[Round "8.49"]
[Board "4"]
[White "Ismael, Namir Mohammed Ismael"]
[Black "Gaealafshwe, Barileng"]
[Result "1-0"]
[WhiteTitle "CM"]
[BlackTitle "CM"]
[WhiteElo "2189"]
[BlackElo "2151"]
[WhiteTeam "Iraq"]
[BlackTeam "Botswana"]
[WhiteFideId "4800800"]
[BlackFideId "11300310"]
[EventDate "2012.08.28"]

1. d4 d5 2. c4 e6 3. Nf3 Nf6 4. Nc3 Be7 5. Bg5 h6 6. Bh4 O-O 7. e3 Ne4 8. Bxe7
Qxe7 9. Rc1 c6 10. Bd3 Nxc3 11. Rxc3 Nd7 12. O-O e5 13. dxe5 dxc4 14. Bxc4 Nxe5
15. Nxe5 Qxe5 16. a4 Bf5 17. Qb3 b6 18. Rd1 c5 19. f3 Rae8 20. e4 Be6 21. Bxe6
Qxe6 22. Qxe6 Rxe6 23. Kf2 f5 24. exf5 Rxf5 25. Re3 Rxe3 26. Kxe3 Re5+ 27. Kf2
Re7 28. Rd8+ Kf7 29. b3 Kf6 30. h4 Rc7 31. Ke3 c4 32. bxc4 Rxc4 33. a5 bxa5 34.
Rd6+ Ke7 35. Ra6 a4 36. h5 Rc7 37. Ke4 Kd7 38. f4 Kc8 39. Kf5 Kb7 40. Rxa4 Rc6
41. Ra3 Rf6+ 42. Ke5 a6 43. g4 Kc7 44. g5 Rb6 45. Rg3 Kd8 46. gxh6 Rxh6 47. Rxg7
Rxh5+ 48. f5 Ke8 49. Ke6 Kf8 50. Ra7 Rh1 51. Ra8+ Kg7 52. f6+ Kg6 53. Rg8+ Kh7
54. f7 1-0

[Event "40th Olympiad Open"]
[Site "Istanbul TUR"]
[Date "2012.09.05"]
[Round "8.50"]
[Board "1"]
[White "Mesfin, Leykun"]
[Black "Wynn Zaw Htun"]
[Result "0-1"]
[BlackTitle "IM"]
[WhiteElo "2115"]
[BlackElo "2398"]
[WhiteTeam "Ethiopia"]
[BlackTeam "Myanmar"]
[WhiteFideId "15700097"]
[BlackFideId "13002783"]
[EventDate "2012.08.28"]

1. e4 c5 2. Nf3 d6 3. d4 cxd4 4. Nxd4 Nf6 5. Nc3 a6 6. Bg5 e6 7. f4 Nc6 8. Nxc6
bxc6 9. e5 h6 10. Bh4 g5 11. fxg5 Nd5 12. Qd2 dxe5 13. Ne4 Bb4 14. c3 Be7 15.
O-O-O hxg5 16. Bxg5 f6 17. Nxf6+ Bxf6 18. Bxf6 Qxf6 19. c4 Nb6 20. Kb1 Bd7 21.
Bd3 Rb8 22. Rhf1 Qg7 23. Be4 Nxc4 24. Qc3 Nxb2 25. Rxd7 Na4+ 26. Kc1 Nxc3 27.
Rxg7 Nxe4 28. Rff7 Nd6 29. Rd7 Nf5 30. Rh7 Rxh7 31. Rxh7 Rb4 32. h3 Rh4 33. Rc7
Ne7 34. Ra7 Ra4 35. Kb2 e4 36. Kc3 Rxa2 37. Kd4 Ra4+ 38. Ke5 e3 39. Kxe6 Re4+
40. Kf6 e2 0-1

[Event "40th Olympiad Open"]
[Site "Istanbul TUR"]
[Date "2012.09.05"]
[Round "8.50"]
[Board "2"]
[White "Win, Tun"]
[Black "Fekadu, Desalegn Jimma"]
[Result "1-0"]
[WhiteElo "2174"]
[BlackElo "2149"]
[WhiteTeam "Myanmar"]
[BlackTeam "Ethiopia"]
[WhiteFideId "13003100"]
[BlackFideId "15700070"]
[EventDate "2012.08.28"]

1. Nf3 d5 2. d4 Nf6 3. Bf4 e6 4. e3 c5 5. c3 Nc6 6. Nbd2 Be7 7. Bd3 O-O 8. O-O
Nh5 9. Bg3 Nxg3 10. hxg3 f5 11. Bb5 Bd7 12. Bxc6 Bxc6 13. Ne5 Be8 14. f4 g5 15.
Kf2 g4 16. Rh1 h5 17. dxc5 Bxc5 18. Nb3 Bd6 19. Nd4 Rf6 20. Nd3 Rh6 21. Qb3 Qa5
22. a4 Qa6 23. Rhd1 Rc8 24. a5 Rc7 25. Nb4 Qc4 26. Qxc4 Rxc4 27. Nd3 a6 28. Rdc1
Kf7 29. b3 Rc7 30. c4 dxc4 31. bxc4 Kf6 32. c5 Bf8 33. Rab1 Rhh7 34. Rb6 Bc6 35.
Nxc6 Rxc6 36. Rxc6 bxc6 37. Rb1 Rd7 38. Ke2 Rd5 39. Rb6 Bxc5 40. Rxc6 Be7 41.
Rxa6 Bd8 42. Rc6 Bxa5 43. Nc5 Rd2+ 44. Kf1 Rd1+ 45. Kf2 Rd2+ 46. Kg1 Rd1+ 47.
Kf2 Be1+ 48. Ke2 Rb1 49. Nxe6 Bxg3 50. Nd4+ Kf7 51. Nxf5 Rb2+ 52. Kd3 Rxg2 53.
Rh6 Rh2 54. Nxg3 h4 55. Nf5 h3 56. Rh4 Rg2 57. Nh6+ Kg6 58. Nxg4 1-0

[Event "40th Olympiad Open"]
[Site "Istanbul TUR"]
[Date "2012.09.05"]
[Round "8.51"]
[Board "1"]
[White "Quinonez Centeno, Carlos David"]
[Black "Chipanga, Chiletso"]
[Result "1-0"]
[WhiteTitle "FM"]
[BlackTitle "CM"]
[WhiteElo "2293"]
[BlackElo "2116"]
[WhiteTeam "Guatemala"]
[BlackTeam "Malawi"]
[WhiteFideId "7300530"]
[BlackFideId "16400119"]
[EventDate "2012.08.28"]

1. c4 c5 2. Nc3 Nc6 3. g3 g6 4. Bg2 Bg7 5. h4 Nf6 6. d3 b6 7. Nh3 Bb7 8. Nf4 a6
9. h5 e6 10. h6 Bf8 11. e4 d6 12. Nfe2 Nd7 13. Be3 Be7 14. d4 cxd4 15. Nxd4 Nce5
16. b3 Nc5 17. O-O Rc8 18. f4 Nc6 19. Rb1 e5 20. Nde2 Nd4 21. a3 Nc6 22. b4 Ne6
23. f5 Ned4 24. fxg6 Nxe2+ 25. Qxe2 fxg6 26. Bh3 Nd4 27. Bxd4 exd4 28. Bxc8 Qxc8
29. Nd5 Qh3 30. Rb3 Bg5 31. Qf2 Bxd5 32. exd5 Be3 33. Rxe3+ dxe3 34. Qf7+ Kd8
35. Qf6+ Ke8 36. Qxh8+ 1-0